The male body : a new look at men in public and in private
Αποθηκεύτηκε σε:
| Κύριος συγγραφέας: | |
|---|---|
| Μορφή: | Βιβλίο |
| Γλώσσα: | English |
| Δημοσίευση: |
New York :
Farrar, Straus and Giroux,
c1999
|
| Θέματα: | |
| Ετικέτες: |
Προσθήκη ετικέτας
Δεν υπάρχουν, Καταχωρήστε ετικέτα πρώτοι!
|
MARC
| LEADER | 00000nam a2200000 i 4500 | ||
|---|---|---|---|
| 001 | 1/78033 | ||
| 008 | 050606s1999 eng d | ||
| 020 | |a 0-374-52732-6 | ||
| 035 | |l 10078398 | ||
| 040 | |a GR-MY-UA |b gre |e aacr | ||
| 041 | 0 | |a eng | |
| 082 | 0 | |a 305.31 |2 (22) | |
| 100 | 1 | |a Bordo, Susan |d 1947- | |
| 245 | 1 | 4 | |a The male body : |b a new look at men in public and in private / |c Susan Bordo |
| 260 | |a New York : |b Farrar, Straus and Giroux, |c c1999 | ||
| 300 | |a 358 σ.; |b εικ.; |c 25 εκ. | ||
| 504 | |a Περιέχει βιβλιογραφία και ευρετήριο | ||
| 650 | 0 | 0 | |a Men. |
| 650 | 0 | 0 | |a Masculinity. |
| 650 | 0 | 0 | |a Men in popular culture. |
| 650 | 0 | 0 | |a Masculinity in popular culture. |
| 650 | 0 | 0 | |a Human body |x Social aspects. |
| 852 | |a INST |b LESVOS |e 20050606 |h 305.31 BOR |p 005100032145 |q 005100032145 |t BK |y 0 | ||
| 901 | |a BIBL1-2005-2 | ||
| 909 | |a Λ |b 118368 | ||
| 920 | |a ΕΠΕΑΕΚ ΚΟΙΝΩΝΙΚΗΣ ΑΝΘΡΩΠΟΛΟΓΙΑΣ ΚΑΙ ΙΣΤΟΡΙΑΣ |y ΛΕΣΒΟΣ |z 2005-04 | ||
| 970 | |a ΚΑΡΑ |b ΓΙΑΣΕΜΗ |z 2005/06/06 | ||